000 00725cab a2200241 4500
001 WB2828-66
008 090401t1992 xxu||||| |||| 00| 0 eng d
035 _a(Sirsi) u60023
041 _aeng
245 _aPub valuations
260 _c1992
350 _a0
490 _aChartered Surveyor Weekly
_v40(3) 16 July 1992, 6(1)
520 _aPub valuations should be based on rents per square foot, rather than the level of trade according to suggestions published by Grand Metropolitan Estates.
650 _aINVESTMENT MARKET
650 _aPUBLIC HOUSES
650 _aRENTAL VALUATION
650 _aTURNOVER
650 _aValuation
_96273
690 _aRATING AND VALUATION
942 _n0
948 _c04/03/1997
999 _c36954
_d36954